| 000 | 01124nam a2200301 ib4500 | ||
|---|---|---|---|
| 003 | OSt | ||
| 005 | 20200728114431.0 | ||
| 008 | 200728t20182018nyua b 000 1 eng d | ||
| 020 |
_a9780525577676 _cRM61.50 _qhardback |
||
| 040 |
_aPPAK _beng _cPPAK _erda |
||
| 082 | 0 | 4 |
_223 _a813.54 |
| 090 | 0 | 0 |
_a813.54 _bBER _dK |
| 100 | 1 |
_aBerenstain, Stan, _d1923-2005, _eauthor. |
|
| 245 | 1 | 0 |
_aBE YOUR BEST BEAR! / _cStan & Jan Berenstain |
| 246 | 5 |
_aBe your best bear! : _blife lessons from the Berenstain Bears |
|
| 264 | 1 |
_aNew York : _bRandom House Books, _c[2018] |
|
| 264 | 4 | _c©2018 | |
| 300 |
_a1 volume : _bcolour illustrations (chiefly illustrations) ; _c21 cm |
||
| 336 |
_2rdacontent _atext |
||
| 337 |
_2rdamedia _aunmediated |
||
| 338 |
_2rdacarrier _avolume |
||
| 500 | _a"6 books in 1!"--Cover. | ||
| 520 | _aJoin the Berenstain Bears in this collection of six classic books all about how to be your very best self. | ||
| 650 | 1 | 0 |
_aBerenstain Bears (Fictitious characters) _vJuvenile fiction |
| 650 | 2 | 0 | _aChildren's stories, American |
| 650 | 2 | 0 | _aBerenstain Bears (Fictitious characters) |
| 942 |
_2ddc _cB |
||
| 999 |
_c178377 _d178377 |
||